[Event "Albert Boxer Classic"]
[Site "Winnipeg CAN"]
[Date "1998.09.06"]
[Round "3"]
[White "Boron, Anthony"]
[Black "Gantzert, Rene"]
[Result "1/2-1/2"]
[WhiteElo "1858"]
[BlackElo "1652"]
[PlyCount "52"]
[GameId "2160767911806422"]
[EventDate "1998.09.05"]
[EventType "swiss"]
[EventRounds "5"]
[EventCountry "CAN"]

1. e4 c5 2. f4 d6 3. Nf3 Nc6 4. Bb5 Bd7 5. Bxc6 Bxc6 6. Nc3 Nf6 7. d3 g6 8. O-O Bg7 9. Qe1 a6 10. a4 O-O 11. f5 b5 12. fxg6 fxg6 13. axb5 axb5 14. Rxa8 Qxa8 15. Qh4 Nh5 16. Qxe7 Qd8 17. Qe6+ Kh8 18. Ne2 c4 19. Nfd4 Re8 20. Qh3 Bd7 21. Qf3 Rf8 22. Qe3 Rxf1+ 23. Kxf1 Be5 24. Nf3 Qf6 25. Qg5 Qxg5 26. Nxg5 Bxh2 1/2-1/2

[Event "Albert Boxer Classic"]
[Site "Winnipeg CAN"]
[Date "1998.09.06"]
[Round "3"]
[White "Charter, Bennet"]
[Black "Czarny, Keith"]
[Result "1-0"]
[WhiteElo "1416"]
[BlackElo "1713"]
[PlyCount "67"]
[GameId "2160767911806423"]
[EventDate "1998.09.05"]
[EventType "swiss"]
[EventRounds "5"]
[EventCountry "CAN"]

1. e4 Nf6 2. e5 Nd5 3. d4 e6 4. c4 Nb6 5. Nc3 d5 6. cxd5 exd5 7. g3 c5 8. Nf3 Bg4 9. Bg2 Nc6 10. Be3 cxd4 11. Bxd4 Bb4 12. Rc1 Nd7 13. e6 Bxe6 14. Bxg7 Rg8 15. Bh6 Qf6 16. Be3 Nce5 17. O-O Nxf3+ 18. Bxf3 Bh3 19. Re1 Ne5 20. Bxd5 Rd8 21. Qa4+ Rd7 22. f4 Bxc3 23. Rxc3 Kf8 24. fxe5 Qd8 25. Bh6+ Ke8 26. e6 Qb6+ 27. Ree3 fxe6 28. Bxe6 Bxe6 29. Rc8+ Kf7 30. Qf4+ Ke7 31. Rxg8 Rd1+ 32. Kg2 Qxb2+ 33. Qf2 Rd2 34. Rxe6+ 1-0

[Event "Albert Boxer Classic"]
[Site "Winnipeg CAN"]
[Date "1998.09.06"]
[Round "3"]
[White "Gentes, Kevin"]
[Black "Gushuliak, Justin"]
[Result "1-0"]
[WhiteElo "2395"]
[BlackElo "1963"]
[PlyCount "90"]
[GameId "2160767911806424"]
[EventDate "1998.09.05"]
[EventType "swiss"]
[EventRounds "5"]
[EventCountry "CAN"]

1. d4 d5 2. c4 c6 3. Nf3 Nf6 4. Nbd2 Bf5 5. e3 e6 6. Be2 Be7 7. O-O O-O 8. Nh4 Re8 9. Nxf5 exf5 10. b3 Nbd7 11. Bb2 Bf8 12. a3 a5 13. Re1 g6 14. Nf1 Qb6 15. g3 Re6 16. c5 Qc7 17. b4 b6 18. f3 Bh6 19. Bd3 Rae8 20. Qd2 a4 21. cxb6 Qxb6 22. Kf2 Nb8 23. Qc2 Qa7 24. Qc5 Qb7 25. Rac1 Nbd7 26. Qc2 Ra8 27. Qd2 Nb6 28. Rc3 Nc4 29. Bxc4 dxc4 30. Rxc4 Nd5 31. Rcc1 Rae8 32. f4 Qe7 33. Rcd1 Nf6 34. Kg1 Nd5 35. Bc1 Re4 36. Qc2 Qb7 37. Bd2 Qa6 38. Rc1 R4e6 39. Qc4 Qb6 40. Qc5 Qa6 41. b5 Qxb5 42. Qxb5 cxb5 43. Rc5 Nb6 44. Rxb5 Nc4 45. Bb4 Nxe3 1-0

[Event "Albert Boxer Classic"]
[Site "Winnipeg CAN"]
[Date "1998.09.06"]
[Round "3"]
[White "Kaptsan, Aron"]
[Black "Gibbons, Michael"]
[Result "1-0"]
[WhiteElo "2146"]
[BlackElo "2056"]
[PlyCount "69"]
[GameId "2160767911806426"]
[EventDate "1998.09.05"]
[EventType "swiss"]
[EventRounds "5"]
[EventCountry "CAN"]

1. d4 d6 2. Nf3 g6 3. b3 Bg7 4. Bb2 c5 5. e3 Nc6 6. Nbd2 e6 7. Be2 Nge7 8. O-O O-O 9. Qc1 cxd4 10. Nxd4 Nxd4 11. Bxd4 Bxd4 12. exd4 Nc6 13. Nf3 Qf6 14. Rd1 d5 15. Qb2 b6 16. Bb5 Na5 17. Ne5 a6 18. Be2 Qd8 19. Bf3 Qc7 20. Rac1 b5 21. c3 Bb7 22. Qd2 Rfc8 23. Qh6 f6 24. Nd3 Qf7 25. Nc5 Rc7 26. Re1 Rac8 27. Qd2 Rxc5 28. dxc5 Rxc5 29. c4 Nxc4 30. bxc4 bxc4 31. Rb1 e5 32. Red1 c3 33. Rxb7 cxd2 34. Rxf7 Kxf7 35. Rxd2 1-0

[Event "Albert Boxer Classic"]
[Site "Winnipeg CAN"]
[Date "1998.09.06"]
[Round "3"]
[White "Nikouline, Alexandre"]
[Black "Baragar, Fletcher"]
[Result "1-0"]
[WhiteElo "2072"]
[BlackElo "2332"]
[PlyCount "157"]
[GameId "2160767911806427"]
[EventDate "1998.09.05"]
[EventType "swiss"]
[EventRounds "5"]
[EventCountry "CAN"]

1. e4 e6 2. d4 d5 3. Nc3 Bb4 4. e5 c5 5. a3 Bxc3+ 6. bxc3 Ne7 7. Qg4 Qc7 8. Qxg7 Rg8 9. Qxh7 cxd4 10. Ne2 Nbc6 11. h4 Bd7 12. Bg5 Qxe5 13. f4 Qc7 14. Bf6 e5 15. fxe5 Bf5 16. Qh6 O-O-O 17. Bxe7 Qxe7 18. Qf4 Qe6 19. Nxd4 Nxd4 20. cxd4 Rg4 21. Qf2 Rdg8 22. Rh3 Kb8 23. Rb3 Qg6 24. O-O-O Rc8 25. Rd2 Be4 26. g3 Rg8 27. Bd3 Rxg3 28. Bxe4 Rg1+ 29. Kb2 dxe4 30. Qh2 Ka8 31. h5 Qh6 32. d5 R1g5 33. d6 Rxh5 34. d7 Rd8 35. Rc3 Kb8 36. Qg3 Qe6 37. Rd6 Qxe5 38. Qxe5 Rxe5 39. Re3 Kc7 40. Rd4 f5 41. Rc3+ Kb6 42. Rc8 Rxd7 43. Rxd7 e3 44. Rd1 f4 45. Rf8 Re4 46. Kc3 Ra4 47. Kb3 Re4 48. c4 e2 49. Re1 Re3+ 50. Kc2 f3 51. Kd2 Rxa3 52. Rc1 Kc5 53. Rf4 b6 54. Re4 Ra2+ 55. Ke1 Ra3 56. Kf2 Rd3 57. Re5+ Kc6 58. Rd5 Rb3 59. Re1 a5 60. Rf5 Rc3 61. Rxf3 Rxc4 62. Rxe2 a4 63. Re5 Rb4 64. Rf6+ Kb7 65. Re3 Ka6 66. Ke1 Ka5 67. Kd2 b5 68. Kc2 Rc4+ 69. Kb2 Rh4 70. Rfe6 Rh2+ 71. Re2 Rh3 72. Ka2 Rg3 73. R6e5 Rg7 74. Rb2 Rb7 75. Ka3 Ka6 76. Kb4 Rb8 77. Re6+ Ka7 78. Rf2 Rb7 79. Rf5 1-0

[Event "Albert Boxer Classic"]
[Site "Winnipeg CAN"]
[Date "1998.09.06"]
[Round "3"]
[White "Schulz, Manfred"]
[Black "Lukic, Luka"]
[Result "1-0"]
[WhiteElo "1992"]
[BlackElo "1946"]
[PlyCount "55"]
[GameId "2160767911806428"]
[EventDate "1998.09.05"]
[EventType "swiss"]
[EventRounds "5"]
[EventCountry "CAN"]

1. e4 d6 2. d4 Nf6 3. Nc3 g6 4. Be3 Ng4 5. Bg5 Bg7 6. Bc4 O-O 7. f3 Nf6 8. Qd2 Nbd7 9. O-O-O Nb6 10. Bd3 Kh8 11. Bh6 Ng8 12. Bxg7+ Kxg7 13. h4 h6 14. g4 Re8 15. e5 c6 16. Nge2 Nd5 17. h5 g5 18. Ne4 dxe5 19. dxe5 Qc7 20. Nxg5 Qxe5 21. Ne4 f6 22. f4 Qc7 23. g5 hxg5 24. fxg5 f5 25. h6+ Kh8 26. h7 Ngf6 27. gxf6 fxe4 28. f7 1-0

[Event "Albert Boxer Classic"]
[Site "Winnipeg CAN"]
[Date "1998.09.06"]
[Round "3"]
[White "Walker, Sean"]
[Black "Park, Kent"]
[Result "0-1"]
[WhiteElo "1497"]
[BlackElo "1790"]
[PlyCount "101"]
[GameId "2160767911806430"]
[EventDate "1998.09.05"]
[EventType "swiss"]
[EventRounds "5"]
[EventCountry "CAN"]

1. e4 c5 2. Nf3 d6 3. d4 cxd4 4. Nxd4 Nf6 5. Nc3 g6 6. Bb5+ Bd7 7. Bc4 Bg7 8. O-O O-O 9. Be3 Nc6 10. h3 Rc8 11. Be2 a6 12. a4 Na5 13. Qd2 Nc4 14. Bxc4 Rxc4 15. Nde2 Qc7 16. Bh6 Nxe4 17. Nxe4 Rxe4 18. Bxg7 Kxg7 19. Nc3 Rc4 20. Rfe1 Re8 21. Re3 b5 22. axb5 axb5 23. Rc1 e6 24. Ne4 d5 25. Ng3 Rc8 26. c3 b4 27. Ne2 Ra8 28. cxb4 Rxc1+ 29. Nxc1 Ra1 30. Rc3 Qe5 31. Ra3 Rb1 32. Qc3 Qxc3 33. Rxc3 Rxb2 34. Nd3 Rb1+ 35. Kh2 Bb5 36. g4 Bxd3 37. Rxd3 Rxb4 38. Kg3 g5 39. f3 Kf6 40. h4 h6 41. hxg5+ hxg5 42. Kf2 Ke5 43. Ke2 Kf4 44. Kf2 d4 45. Ke2 Rb2+ 46. Ke1 Ke5 47. Kf1 Rc2 48. Rd1 Rc3 49. Rd2 Rxf3+ 50. Rf2 Rxf2+ 51. Kxf2 0-1

[Event "Albert Boxer Classic"]
[Site "Winnipeg CAN"]
[Date "1998.09.06"]
[Round "4"]
[White "Baragar, Fletcher"]
[Black "Lipnowski, Samuel"]
[Result "1-0"]
[WhiteElo "2332"]
[BlackElo "1923"]
[PlyCount "89"]
[GameId "2160767911806431"]
[EventDate "1998.09.05"]
[EventType "swiss"]
[EventRounds "5"]
[EventCountry "CAN"]

1. d4 d5 2. c4 dxc4 3. Nf3 Nf6 4. e3 g6 5. Bxc4 Bg7 6. O-O O-O 7. Nc3 Nfd7 8. h3 Nb6 9. Bb3 Nc6 10. Qe2 e5 11. d5 Na5 12. e4 Nxb3 13. axb3 Bd7 14. Be3 Nc8 15. Nd2 a6 16. Nc4 Re8 17. Rac1 Nd6 18. Qd2 Bf8 19. Rc2 f5 20. exf5 Nxf5 21. Ne4 Nxe3 22. Nxe3 Bb5 23. Rfc1 Bd6 24. Ng4 Rf8 25. Nxd6 cxd6 26. Rc7 Bd7 27. Rxb7 Bxg4 28. Rcc7 Qf6 29. hxg4 Rac8 30. Rxh7 Qxf2+ 31. Kh2 Qf6 32. g5 Qf4+ 33. Qxf4 Rxf4 34. Rbg7+ Kf8 35. Rxg6 Rc2 36. Rxd6 Kg8 37. Re7 Rxb2 38. Rd8+ Rf8 39. Rxf8+ Kxf8 40. Rxe5 Rxb3 41. Re6 a5 42. Ra6 Rb5 43. d6 Ke8 44. g6 Rg5 45. Ra8+ 1-0

[Event "Albert Boxer Classic"]
[Site "Winnipeg CAN"]
[Date "1998.09.06"]
[Round "4"]
[White "Gibbons, Michael"]
[Black "Avena, Danny"]
[Result "1-0"]
[WhiteElo "2056"]
[BlackElo "1777"]
[PlyCount "71"]
[GameId "2160767911806432"]
[EventDate "1998.09.05"]
[EventType "swiss"]
[EventRounds "5"]
[EventCountry "CAN"]

1. Nf3 c5 2. b3 Nc6 3. Bb2 Nf6 4. e3 e6 5. Bb5 Be7 6. O-O O-O 7. Bxc6 bxc6 8. d3 Ba6 9. Nbd2 Qc7 10. e4 d6 11. e5 Ng4 12. exd6 Bxd6 13. g3 Rfe8 14. Re1 e5 15. Ne4 f6 16. Nxd6 Qxd6 17. Qd2 Re6 18. Qc3 Rae8 19. Nd2 Qd4 20. Re2 Qxc3 21. Bxc3 f5 22. Rae1 e4 23. f3 e3 24. fxg4 exd2 25. Rxe6 dxe1=Q+ 26. Rxe1 Rxe1+ 27. Bxe1 fxg4 28. Bf2 Bc8 29. Bxc5 a6 30. Kf2 Kf7 31. Ke3 Ke6 32. Kd4 h5 33. Bf8 g6 34. Kc5 Kd7 35. Kb6 a5 36. Bc5 1-0

[Event "Albert Boxer Classic"]
[Site "Winnipeg CAN"]
[Date "1998.09.06"]
[Round "4"]
[White "Lukic, Luka"]
[Black "Gantzert, Rene"]
[Result "1-0"]
[WhiteElo "1946"]
[BlackElo "1652"]
[PlyCount "79"]
[GameId "2160767911806434"]
[EventDate "1998.09.05"]
[EventType "swiss"]
[EventRounds "5"]
[EventCountry "CAN"]

1. e4 c5 2. Nf3 d6 3. c3 Nc6 4. Bb5 Bd7 5. O-O Nf6 6. d3 g6 7. h3 Bg7 8. a3 a6 9. Bc4 O-O 10. Nbd2 e6 11. Re1 d5 12. exd5 exd5 13. Ba2 Be6 14. Nf1 Re8 15. Bf4 Qb6 16. Qd2 Rac8 17. Re2 d4 18. Bxe6 Rxe6 19. Rxe6 fxe6 20. c4 Re8 21. Re1 Nd7 22. Re2 e5 23. Bh2 e4 24. Ng5 Bh6 25. dxe4 Nde5 26. Qf4 Qd8 27. h4 Rf8 28. Qg3 d3 29. Rd2 Qf6 30. Ne3 Nd4 31. Qxe5 Ne2+ 32. Kh1 Qxf2 33. Rd1 Bxg5 34. Qxg5 Nf4 35. Qg3 Qe2 36. Rf1 Nxg2 37. Rxf8+ Kxf8 38. Nxg2 Qf1+ 39. Bg1 d2 40. Qd6+ 1-0

[Event "Albert Boxer Classic"]
[Site "Winnipeg CAN"]
[Date "1998.09.06"]
[Round "4"]
[White "Nikouline, Alexandre"]
[Black "Kaptsan, Aron"]
[Result "1/2-1/2"]
[WhiteElo "2072"]
[BlackElo "2146"]
[PlyCount "32"]
[GameId "2160767911806435"]
[EventDate "1998.09.05"]
[EventType "swiss"]
[EventRounds "5"]
[EventCountry "CAN"]

1. e4 e5 2. Nf3 Nc6 3. Bb5 a6 4. Ba4 Nf6 5. O-O Nxe4 6. d4 b5 7. Bb3 Be7 8. Bd5 Nf6 9. Bxc6 dxc6 10. dxe5 Qxd1 11. Rxd1 Nd5 12. h3 O-O 13. c3 Rd8 14. Bg5 Re8 15. Bxe7 Rxe7 16. Nbd2 Bd7 1/2-1/2

[Event "Albert Boxer Classic"]
[Site "Winnipeg CAN"]
[Date "1998.09.06"]
[Round "4"]
[White "Park, Kent"]
[Black "Trueman, Francis"]
[Result "1-0"]
[WhiteElo "1790"]
[BlackElo "1501"]
[PlyCount "77"]
[GameId "2160767911806436"]
[EventDate "1998.09.05"]
[EventType "swiss"]
[EventRounds "5"]
[EventCountry "CAN"]

1. e4 c6 2. d4 d5 3. Nc3 dxe4 4. Nxe4 Nd7 5. Bc4 Ndf6 6. Ng5 e6 7. Ne2 h6 8. Nf3 Bd6 9. O-O Ne7 10. Bf4 Qc7 11. Bg3 Bxg3 12. Nxg3 O-O 13. Bd3 Nd7 14. Qe2 c5 15. c4 cxd4 16. Nxd4 Qb6 17. Rfd1 Re8 18. Rab1 e5 19. Nc2 Ng6 20. Bxg6 fxg6 21. Ne4 Re6 22. b4 Nf6 23. c5 Qc6 24. Nd6 Ne8 25. Qc4 Nxd6 26. Rxd6 Qe8 27. Rbd1 Kh7 28. Rd8 Qf7 29. R1d6 Qe7 30. Rxc8 Rxc8 31. Qxe6 Qg5 32. Ne3 Rf8 33. g3 Qh5 34. Qg4 Qxg4 35. Nxg4 Rf3 36. Nxe5 Ra3 37. Rd7 Rxa2 38. Rxb7 Ra1+ 39. Kg2 1-0

[Event "Albert Boxer Classic"]
[Site "Winnipeg CAN"]
[Date "1998.09.06"]
[Round "4"]
[White "Schulz, Manfred"]
[Black "Huggan, Philip"]
[Result "1-0"]
[WhiteElo "1922"]
[BlackElo "1640"]
[PlyCount "75"]
[GameId "2160767911806437"]
[EventDate "1998.09.05"]
[EventType "swiss"]
[EventRounds "5"]
[EventCountry "CAN"]

1. e4 e5 2. Nf3 Nf6 3. Nc3 d6 4. d4 exd4 5. Nxd4 Bd7 6. Bg5 Be7 7. Bc4 O-O 8. O-O Re8 9. Re1 Ng4 10. Bxe7 Rxe7 11. h3 Ne5 12. Bb3 Nbc6 13. Nd5 Nxd4 14. Qxd4 Bxh3 15. Re3 Bg4 16. Nxe7+ Qxe7 17. Rae1 Qf6 18. Qc3 c5 19. Bd5 Kf8 20. Rf1 Qf4 21. Rg3 h5 22. Qe3 Qf6 23. f3 Bd7 24. f4 Ng4 25. Qc3 Qh4 26. Rh3 Qd8 27. Rxh5 Nf6 28. Rh8+ Ng8 29. Rf3 Qf6 30. Qxf6 gxf6 31. Rg3 Ke7 32. Rgxg8 Be8 33. Rxe8+ Rxe8 34. Rxe8+ Kxe8 35. Bxb7 Ke7 36. Bd5 f5 37. exf5 Kf6 38. g4 1-0

[Event "Albert Boxer Classic"]
[Site "Winnipeg CAN"]
[Date "1998.09.06"]
[Round "4"]
[White "Schulz, Waldemar"]
[Black "Gentes, Kevin"]
[Result "1/2-1/2"]
[WhiteElo "2046"]
[BlackElo "2395"]
[PlyCount "78"]
[GameId "2160767911806438"]
[EventDate "1998.09.05"]
[EventType "swiss"]
[EventRounds "5"]
[EventCountry "CAN"]

1. Nf3 Nf6 2. c4 g6 3. Nc3 Bg7 4. d4 O-O 5. e4 d6 6. Be2 Nbd7 7. O-O e5 8. d5 Nc5 9. Qc2 a5 10. Ne1 Bd7 11. Be3 b6 12. f3 Nh5 13. Qd2 f5 14. Bg5 Qe8 15. g3 f4 16. g4 h6 17. Bh4 g5 18. Bf2 Nf6 19. Nd3 h5 20. h3 Qg6 21. Nxc5 bxc5 22. Qd3 Rf7 23. Kg2 Raf8 24. Be1 Ra8 25. a4 Bf8 26. Nb5 Be8 27. Bd2 Qh7 28. Rh1 Rg7 29. Kf2 Bg6 30. Nc3 Rb8 31. Qc2 Qh8 32. Nb5 Ra8 33. Rag1 Qh7 34. Bd3 Ne8 35. Nc3 Be7 36. Nb5 Kf8 37. Ra1 Qh8 38. Rag1 Rh7 39. Kg2 Qf6 1/2-1/2

[Event "Albert Boxer Classic"]
[Site "Winnipeg CAN"]
[Date "1998.09.07"]
[Round "5"]
[White "Andersen, Sune"]
[Black "Schulz, Manfred"]
[Result "1-0"]
[WhiteElo "2021"]
[BlackElo "1922"]
[PlyCount "103"]
[GameId "2160767911806439"]
[EventDate "1998.09.05"]
[EventType "swiss"]
[EventRounds "5"]
[EventCountry "CAN"]

1. e4 c6 2. d4 d5 3. exd5 cxd5 4. c4 Nf6 5. Nc3 Nc6 6. Nf3 Be6 7. c5 g6 8. Bb5 Bg7 9. O-O O-O 10. h3 Qc7 11. a3 Rad8 12. Re1 Bf5 13. Bd3 Bxd3 14. Qxd3 Nh5 15. b4 e5 16. dxe5 Nxe5 17. Nxe5 Bxe5 18. Bh6 Rfe8 19. Rad1 d4 20. Nb5 Qb8 21. Qc4 Ng7 22. Bxg7 Bxg7 23. Nd6 Rxe1+ 24. Rxe1 Qc7 25. Qb5 b6 26. cxb6 Qxd6 27. Re8+ Bf8 28. Rxd8 Qxd8 29. bxa7 d3 30. Qb8 Qe7 31. a8=Q d2 32. Qxf8+ Qxf8 33. Qd5 Qh6 34. Kf1 Qf4 35. Ke2 d1=Q+ 36. Qxd1 Qe4+ 37. Kf1 Qc4+ 38. Kg1 Qc3 39. Qf3 Qc1+ 40. Kh2 Qc7+ 41. g3 Qc4 42. Qe3 h5 43. h4 Kg7 44. Qc5 Qe4 45. a4 f5 46. a5 g5 47. hxg5 h4 48. Qc7+ Kg6 49. Qd6+ Kf7 50. Qf6+ Kg8 51. Qg6+ Kf8 52. Qh6+ 1-0

[Event "Albert Boxer Classic"]
[Site "Winnipeg CAN"]
[Date "1998.09.07"]
[Round "5"]
[White "Boron, Anthony"]
[Black "Gannon, Keith"]
[Result "1-0"]
[WhiteElo "1858"]
[BlackElo "1725"]
[PlyCount "109"]
[GameId "2160767911806440"]
[EventDate "1998.09.05"]
[EventType "swiss"]
[EventRounds "5"]
[EventCountry "CAN"]

1. Nf3 Nf6 2. g3 g6 3. Bg2 Bg7 4. O-O O-O 5. d3 d5 6. Nbd2 Nc6 7. Rb1 e5 8. e4 dxe4 9. dxe4 Re8 10. b4 Bg4 11. h3 Bxf3 12. Bxf3 a6 13. a3 Qd7 14. Kh2 Rad8 15. Rb3 Nd4 16. Rd3 Nxf3+ 17. Qxf3 Qc8 18. Nc4 Rxd3 19. cxd3 b6 20. Bg5 Nd7 21. Rc1 h6 22. Nd6 cxd6 23. Rxc8 Rxc8 24. Be7 Bf8 25. Bxf8 Nxf8 26. Qe3 Rc3 27. Qxb6 Rxa3 28. Qxd6 Ra2 29. Kg2 Rb2 30. Qxe5 Rxb4 31. Qa5 Rd4 32. Qxa6 h5 33. Qa3 Ne6 34. Qc3 Rd8 35. f4 Ng7 36. g4 hxg4 37. hxg4 Ra8 38. Kf3 Re8 39. d4 Ne6 40. d5 Nf8 41. e5 Rd8 42. d6 Ne6 43. f5 gxf5 44. gxf5 Nf8 45. Ke4 Rd7 46. Qg3+ Kh8 47. Qh4+ Kg8 48. Qg5+ Kh8 49. Qe7 Kg8 50. Qg5+ Kh8 51. Qh5+ Kg8 52. Kd5 Rb7 53. Qg5+ Kh7 54. Qe7 Rxe7 55. dxe7 1-0

[Event "Albert Boxer Classic"]
[Site "Winnipeg CAN"]
[Date "1998.09.07"]
[Round "5"]
[White "Gentes, Kevin"]
[Black "Nikouline, Alexandre"]
[Result "1-0"]
[WhiteElo "2395"]
[BlackElo "2072"]
[PlyCount "59"]
[GameId "2160767911806441"]
[EventDate "1998.09.05"]
[EventType "swiss"]
[EventRounds "5"]
[EventCountry "CAN"]

1. g3 e5 2. Bg2 Nc6 3. c4 d6 4. Nc3 Be6 5. d3 Qd7 6. Rb1 g6 7. b4 Bg7 8. b5 Nd8 9. e3 Ne7 10. Nd5 O-O 11. a4 f5 12. Ne2 Nc8 13. O-O c6 14. bxc6 bxc6 15. Ndc3 e4 16. dxe4 Bxc4 17. Re1 fxe4 18. Nxe4 Ba2 19. Rb2 Bxb2 20. Bxb2 Ne6 21. Nf6+ Rxf6 22. Bxf6 Nb6 23. Qc2 Bd5 24. e4 Bc4 25. a5 Bxe2 26. Rxe2 Nc8 27. Bh3 Rb8 28. Bb2 Rb4 29. Qc3 Nd4 30. Qxd4 1-0

[Event "Albert Boxer Classic"]
[Site "Winnipeg CAN"]
[Date "1998.09.07"]
[Round "5"]
[White "Gibbons, Michael"]
[Black "Schulz, Waldemar"]
[Result "1/2-1/2"]
[WhiteElo "2056"]
[BlackElo "2046"]
[PlyCount "100"]
[GameId "2160767911806442"]
[EventDate "1998.09.05"]
[EventType "swiss"]
[EventRounds "5"]
[EventCountry "CAN"]

1. b3 d5 2. Bb2 Nf6 3. e3 c5 4. f4 Nc6 5. Bb5 Bd7 6. Nf3 e6 7. O-O Be7 8. Bxc6 Bxc6 9. Qe2 O-O 10. Ne5 Rc8 11. d3 Nd7 12. Qg4 Bf6 13. Rf3 d4 14. Nxc6 Rxc6 15. e4 g6 16. Nd2 e5 17. g3 Bg7 18. Qh3 Qe7 19. f5 g5 20. g4 Rfc8 21. a4 a6 22. a5 Rh6 23. Qg2 Rcc6 24. Rf2 Rc8 25. Nf3 Rhc6 26. Bc1 h6 27. Qg3 f6 28. h4 Kf7 29. Rh2 Rh8 30. Bd2 Rcc8 31. Kf2 Rcg8 32. Rah1 Qd8 33. Qg1 Nb8 34. Qa1 Nc6 35. Qa4 Qd6 36. Qc4+ Ke7 37. hxg5 hxg5 38. Rxh8 Rxh8 39. Rxh8 Bxh8 40. Qg8 Qd8 41. Qh7+ Kd6 42. Qxb7 Qd7 43. Qxa6 Qa7 44. Qc8 Bg7 45. a6 Qd7 46. Qg8 Kc7 47. Qa8 Kb6 48. Nh2 Qa7 49. Qb7+ Qxb7 50. axb7 Kxb7 1/2-1/2

[Event "Albert Boxer Classic"]
[Site "Winnipeg CAN"]
[Date "1998.09.07"]
[Round "5"]
[White "Gushuliak, Justin"]
[Black "Baragar, Fletcher"]
[Result "0-1"]
[WhiteElo "1963"]
[BlackElo "2332"]
[PlyCount "66"]
[GameId "2160767911806443"]
[EventDate "1998.09.05"]
[EventType "swiss"]
[EventRounds "5"]
[EventCountry "CAN"]

1. e4 c5 2. Nf3 Nc6 3. d4 cxd4 4. Nxd4 Nf6 5. Nc3 d6 6. Be2 e6 7. Be3 Be7 8. g4 h6 9. Rg1 a6 10. Qd2 Qc7 11. O-O-O b5 12. a3 Rb8 13. g5 hxg5 14. Bxg5 b4 15. axb4 Nxb4 16. Nb3 Qb7 17. Bxf6 gxf6 18. Bd3 Bd7 19. f4 a5 20. e5 dxe5 21. Be4 Qc7 22. Nxa5 f5 23. Bg2 e4 24. Qd4 Rf8 25. Bxe4 fxe4 26. Nc4 Bc6 27. Rgf1 Rd8 28. Qg7 Rxd1+ 29. Rxd1 Qxf4+ 30. Kb1 Nd5 31. Ne2 Qxh2 32. Nd4 Bd7 33. Qg4 Qc7 0-1

[Event "Albert Boxer Classic"]
[Site "Winnipeg CAN"]
[Date "1998.09.07"]
[Round "5"]
[White "Lipnowski, Samuel"]
[Black "Walker, Erin"]
[Result "1/2-1/2"]
[WhiteElo "1923"]
[BlackElo "1756"]
[PlyCount "69"]
[GameId "2160767911806445"]
[EventDate "1998.09.05"]
[EventType "swiss"]
[EventRounds "5"]
[EventCountry "CAN"]

1. e4 e6 2. d4 d5 3. Nc3 Nf6 4. e5 Nfd7 5. f4 c5 6. Nf3 Nc6 7. Be3 Qb6 8. a3 Qc7 9. dxc5 Nxc5 10. Be2 Be7 11. O-O O-O 12. Qe1 b6 13. Kh1 Bb7 14. Qg3 Rad8 15. f5 exf5 16. Bh6 Ne6 17. Nb5 Qb8 18. Nbd4 f4 19. Qg4 Nxe5 20. Nxe5 Qxe5 21. Nxe6 fxe6 22. Bxf4 Qf5 23. Qg3 Qg6 24. Qh3 d4 25. Bd3 Be4 26. Rae1 Bxd3 27. cxd3 Rf6 28. Rf3 Rdf8 29. Be5 Rxf3 30. gxf3 Qf5 31. Qxf5 exf5 32. Bxd4 Bf6 33. Bxf6 Rxf6 34. Re7 Rf7 35. Re8+ 1/2-1/2

[Event "Albert Boxer Classic"]
[Site "Winnipeg CAN"]
[Date "1998.09.07"]
[Round "5"]
[White "Park, Kent"]
[Black "Charter, Bennet"]
[Result "1-0"]
[WhiteElo "1790"]
[BlackElo "1416"]
[PlyCount "37"]
[GameId "2160767911806446"]
[EventDate "1998.09.05"]
[EventType "swiss"]
[EventRounds "5"]
[EventCountry "CAN"]

1. e4 c5 2. Nf3 d6 3. d4 cxd4 4. Nxd4 Nf6 5. Nc3 g6 6. Bb5+ Bd7 7. f4 Bxb5 8. Ndxb5 a6 9. e5 axb5 10. exf6 exf6 11. O-O Nc6 12. Kh1 Qb6 13. Nd5 Qd8 14. Re1+ Be7 15. Qe2 Ra7 16. b3 b4 17. Bb2 Ra5 18. Nxe7 Nxe7 19. Bxf6 1-0

[Event "Albert Boxer Classic"]
[Site "Winnipeg CAN"]
[Date "1998.09.07"]
[Round "5"]
[White "Proulx, Roy"]
[Black "Gantzert, Rene"]
[Result "0-1"]
[WhiteElo "1565"]
[BlackElo "1652"]
[PlyCount "52"]
[GameId "2160767911806447"]
[EventDate "1998.09.05"]
[EventType "swiss"]
[EventRounds "5"]
[EventCountry "CAN"]

1. e4 c5 2. Nf3 d6 3. d4 cxd4 4. Nxd4 Nf6 5. Nc3 e6 6. Bg5 Be7 7. f4 a6 8. Qf3 Qb6 9. O-O-O Nc6 10. Nb3 Qc7 11. Bh4 b5 12. Bg3 Bb7 13. Qe2 Rc8 14. e5 dxe5 15. fxe5 Nd7 16. Nd5 exd5 17. e6 Nde5 18. exf7+ Kxf7 19. Rxd5 Bf6 20. Nc5 Rhd8 21. Qh5+ Kg8 22. Ne6 Qe7 23. Nxd8 Rxd8 24. Rxd8+ Qxd8 25. Be2 g6 26. Qh6 Bg5+ 0-1

[Event "Albert Boxer Classic"]
[Site "Winnipeg CAN"]
[Date "1998.09.07"]
[Round "6"]
[White "Andersen, Sune"]
[Black "Gibbons, Michael"]
[Result "1-0"]
[WhiteElo "2020"]
[BlackElo "2055"]
[PlyCount "37"]
[GameId "2160767911806448"]
[EventDate "1998.09.05"]
[EventType "swiss"]
[EventRounds "5"]
[EventCountry "CAN"]

1. e4 d6 2. d4 Nf6 3. Nc3 g6 4. Be3 a6 5. Nf3 Bg7 6. Qd2 b5 7. Bd3 Bb7 8. Bh6 O-O 9. e5 Nfd7 10. Ne4 c5 11. c3 Re8 12. Bxg7 Kxg7 13. e6 fxe6 14. Neg5 Bd5 15. h4 Nf6 16. h5 h6 17. Nf7 Kxf7 18. hxg6+ Kg8 19. Qxh6 1-0

[Event "Albert Boxer Classic"]
[Site "Winnipeg CAN"]
[Date "1998.09.07"]
[Round "6"]
[White "Czarny, Keith"]
[Black "Boron, Anthony"]
[Result "0-1"]
[WhiteElo "1713"]
[BlackElo "1858"]
[PlyCount "64"]
[GameId "2160767911806449"]
[EventDate "1998.09.05"]
[EventType "swiss"]
[EventRounds "5"]
[EventCountry "CAN"]

1. Nf3 d5 2. d4 Nf6 3. c4 e6 4. Nc3 Be7 5. Bg5 O-O 6. e3 b6 7. Rc1 h6 8. Bh4 Ba6 9. a3 dxc4 10. Ne5 b5 11. Bxf6 Bxf6 12. Ne4 Bxe5 13. dxe5 Qe7 14. g3 Nd7 15. Bg2 Rad8 16. Qh5 Nc5 17. b4 Nxe4 18. Bxe4 c5 19. bxc5 Qxc5 20. O-O Qe7 21. f4 Bb7 22. Qf3 Bxe4 23. Qxe4 Qxa3 24. Ra1 Qd3 25. Qf3 Qd5 26. Qe2 Qc5 27. Rac1 Rd7 28. f5 Qxe5 29. fxe6 Qxe6 30. Qf3 Rd3 31. Rce1 Re8 32. Kh1 Qe4 0-1

[Event "Albert Boxer Classic"]
[Site "Winnipeg CAN"]
[Date "1998.09.07"]
[Round "6"]
[White "Gannon, Keith"]
[Black "Lipnowski, Michael"]
[Result "0-1"]
[WhiteElo "1725"]
[BlackElo "1627"]
[PlyCount "116"]
[GameId "2160767911806450"]
[EventDate "1998.09.05"]
[EventType "swiss"]
[EventRounds "5"]
[EventCountry "CAN"]

1. e4 c5 2. Nf3 e6 3. Nc3 d6 4. d4 cxd4 5. Nxd4 Nf6 6. Be2 Nc6 7. Nf3 Be7 8. O-O O-O 9. Re1 a6 10. Be3 b5 11. a3 Bb7 12. Qd2 Qc7 13. Bd3 Rfd8 14. Rad1 Rac8 15. Qc1 Na5 16. Bg5 Nc4 17. Bxc4 Qxc4 18. Rd4 Qc7 19. h3 h6 20. Bh4 Qb6 21. Qd1 a5 22. Rd3 b4 23. axb4 axb4 24. e5 dxe5 25. Na4 Qc6 26. Rxd8+ Rxd8 27. Qa1 Ra8 28. b3 Qxc2 29. Qxe5 Bxf3 30. gxf3 Qxb3 31. Nb6 Rd8 32. Qc7 Rd1 33. Rxd1 Qxd1+ 34. Kg2 Qd6 35. Qc8+ Bf8 36. Bxf6 gxf6 37. Qa6 b3 38. Qb5 Qb4 39. Qxb4 Bxb4 40. Nc4 Bc3 41. Na3 b2 42. Nb1 Bb4 43. f4 Kg7 44. Kf3 Kg6 45. Kg4 f5+ 46. Kg3 f6 47. f3 e5 48. fxe5 fxe5 49. Kg2 e4 50. fxe4 fxe4 51. Kf2 Kf5 52. Ke2 Kf4 53. h4 h5 54. Kd1 Kf3 55. Kc2 e3 56. Kxb2 e2 57. Nc3 Bxc3+ 58. Kxc3 e1=Q+ 0-1